000 00936nam a22003137a 4500
001 0009198
003 KOHA_MİRAKIL
005 20260207001701.0
007 ta
008 171204b2009 tu |||gr||||#0|||1|tur |
020 _a9758950118
_c9,75
040 _aTR-BiSEU
_btur
_cTR-BiSEU
_erda
041 0 _atur
044 _ctu
050 _aPL248.P35
_bB33 2009
100 1 _aPala, İskender.
245 1 _aBabil'de ölüm İstanbul'da aşk/
_cİskender Pala ; İskender Pala.
264 1 _aİstanbul :
_bKapı Yayınları 2009.
_c2009
300 _a415 sayfa; 20 cm.
336 _ametin
_btxt
_2rdacontent
337 _aaracısız
_bn
_2rdamedia
338 _acilt
_bnc
_2rdacarrier
490 1 _aKapı Yayınları ;
_v13.
490 1 _aİskender Pala Bütün Eserleri ;
_v11.
830 1 _aKapı Yayınları ;
_v13.
_914431
830 1 _aİskender Pala Bütün Eserleri ;
_v11.
_922942
907 _aRoman
942 _2lcc
_cBK
999 _c9170
_d9170